000 00488cam a22001811 4500
001 44707
090 _a44707
100 _a19951109d1970 a y0pory5003 ba
101 1 _apor
102 _aPT
200 1 _aAs tartarugas do Tasman e outras histórias
_fJack London
_gtrad. Aureliano Sampaio
210 9 _aPorto
_cLivraria Civilizacão,
_d1970
215 _a214, [1] p.
_d19 cm
675 _a82-93
700 1 _aLondon,
_bJack,
702 1 _aSampaio,
_bAureliano
_4730
801 0 _aPT
_bBN
_gRPC
990 _cLIVROS